00279nam a22001097a 450000500170000002000150001708200160003210000260004810000160007424500440009026000350013420250903145342.0 a8177541722 a581.634 PRA aNarayan Das Prajapati aPurohit S S aAgro's Colour Atlas of Medicinal Plants aJodhpurbAgrobios(India)c2004